000 00295nam a22001457a 4500
020 _a978-93-5316-633-5
041 _aENG
100 _a Rsttan.S.S
245 _aThery of Machines
250 _a1 Edition
260 _aDelhi
_bMc Graw Hill
_c2019
300 _a862
650 _aFMP
856 _uFMP
999 _c55
_d55